000
00339nam a2200145Ia 4500
008
150201s2011 xx 000 0 und d
082
_a
610.7368
_b
S11A
100
_a
AHUJA, NIRAJ
245
2
_a
A SHORT TB. OF PSYCHIATRY
250
_a
7TH
260
_b
JAYPEE
_a
INDIA
_c
2011
300
_a
261
650
_a
PSYCHIATRY
942
_2
ddc
_c
BK
_0
10
999
_c
2185
_d
2185